| 000 | 00620nam a22002057a 4500 | ||
|---|---|---|---|
| 003 | OSt | ||
| 005 | 20131023174820.0 | ||
| 008 | 130410s1999 sp ||||| |||| 00| 0 spa d | ||
| 020 | _a8474967643 | ||
| 040 | _cCDMR | ||
| 100 | 1 |
_93119 _aFernández Soriano, Emelina |
|
| 245 | 1 | 0 |
_aCanal Sur _b: una televisón regional en Europa _cEmelina Fernández Soriano |
| 260 |
_aMálaga _bUniversidad de Málaga _c1999 |
||
| 300 | _a194 p. | ||
| 490 | 0 |
_aEstudios y Ensayos _v36 |
|
| 610 | 2 |
_93720 _aCanal Sur Televisión |
|
| 650 | 0 | 4 |
_93108 _aTelevisió pública _zAndalusia |
| 650 | 0 | 4 |
_91780 _aTelevisió _zEspanya |
| 942 |
_2udc _cMON |
||
| 999 |
_c6071 _d6071 |
||